Работа в интернете: от бытового до профессионального поиска: практическое пособие с примерами и упражнениями

Bibliographische Detailangaben
1. Verfasser: Романенко В. Н. Владимир Николаевич
Weitere Verfasser: Никитина Г. В. Галина Викторовна, Неверов В. С.
Zusammenfassung:В книге рассматриваются методика и средства интерактивного поиска, новые поколения интерактивных поисковых систем, теоретические проблемы интерактивного поиска, сравниваются методы традиционного и интерактивного поиска. Пособие предназначено для начинающих пользователей, студентов, изучающих курсы формирования информационной культуры личности, преподавателей курсов, связанных с организацией информационного поиска, а также для специалистов в области маркетинга.
Sprache:Russisch
Veröffentlicht: СПб., Профессия, 2008
Schriftenreihe:Библиотека
Schlagworte:
Format: MixedMaterials Buch
KOHA link:https://koha.lib.tpu.ru/cgi-bin/koha/opac-detail.pl?biblionumber=138245

MARC

LEADER 00000nam0a2200000 4500
001 138245
005 20231031141402.0
010 |a 9785939131216 
035 |a (RuTPU)RU\TPU\book\149802 
090 |a 138245 
100 |a 20080522d2008 m y0rusy50 ca 
101 0 |a rus 
102 |a RU 
105 |a a j 001zy 
200 1 |a Работа в интернете: от бытового до профессионального поиска  |e практическое пособие с примерами и упражнениями  |f В. Н. Романенко, Г. В. Никитина, В. С. Неверов 
210 |a СПб.  |c Профессия  |d 2008 
215 |a 416 с.  |c ил. 
225 1 |a Библиотека 
320 |a Литература: с. 413 
330 |a В книге рассматриваются методика и средства интерактивного поиска, новые поколения интерактивных поисковых систем, теоретические проблемы интерактивного поиска, сравниваются методы традиционного и интерактивного поиска. Пособие предназначено для начинающих пользователей, студентов, изучающих курсы формирования информационной культуры личности, преподавателей курсов, связанных с организацией информационного поиска, а также для специалистов в области маркетинга. 
610 1 |a компьютерные сети 
610 1 |a Интернет 
610 1 |a интернет-ресурсы 
610 1 |a поисковые системы 
610 1 |a поисковые запросы 
610 1 |a рунет 
610 1 |a сетевой поиск 
610 1 |a бытовой поиск 
610 1 |a адреса 
610 1 |a персональные данные 
610 1 |a организация 
610 1 |a расписание 
610 1 |a программы 
610 1 |a новости 
610 1 |a журналы 
610 1 |a энциклопедии 
610 1 |a справочники 
610 1 |a художественная литература 
610 1 |a карты 
610 1 |a изображения 
610 1 |a музыка 
610 1 |a программное обеспечение 
610 1 |a профессиональный ориентированный поиск 
610 1 |a научные библиотеки 
610 1 |a архивы 
610 1 |a электронные каталоги 
610 1 |a практические пособия 
610 1 |a примеры 
610 1 |a упражнения 
675 |a 681.324(07)  |v 3 
686 |a Ч738я73  |v LBC/SL-A  |2 rubbk 
700 1 |a Романенко  |b В. Н.  |g Владимир Николаевич 
701 1 |a Никитина  |b Г. В.  |g Галина Викторовна 
701 1 |a Неверов  |b В. С. 
801 1 |a RU  |b 63413507  |c 20080522  |g PSBO 
801 2 |a RU  |b 63413507  |c 20220518  |g PSBO 
942 |c BK 
959 |a 63/20080522  |d 2  |e 0  |f ЭЧЗ:1  |f ЧЗТЛ:1